| 000 | 00698nam a22002297a 4500 | ||
|---|---|---|---|
| 005 | 20220120151843.0 | ||
| 008 | 220120b ||||| |||| 00| 0 eng d | ||
| 040 | _cAL | ||
| 041 | _aeng | ||
| 082 |
_223 _a746.140 _bSADS |
||
| 100 |
_aS Sadananda Ed. _914049 |
||
| 100 |
_dK V Vadi Raj Ed _914029 |
||
| 245 | _aStudy of Rural Wool Handloom Technology in Karnataka | ||
| 260 |
_aBangalore _bIndo-Dutch Project Management Society _c1996 |
||
| 300 |
_axiv,184 p. _bPB _c22x14 cm. |
||
| 650 |
_aHand Weaving _914030 |
||
| 650 |
_aHandloom Technology _914031 |
||
| 650 |
_aHandloom Industry _914032 |
||
| 700 |
_aSADANANDA (S) Ed _914033 |
||
| 700 |
_aRAJ (K V Vadi) Ed _914034 |
||
| 942 |
_2ddc _cGF |
||
| 999 |
_c221271 _d221271 |
||